000 00608nam a2200205Ia 4500
003 GCL
008 140319s9999 xx 000 0 eng d
020 _a9774248317
040 _aGCL /
_cGCL
082 0 4 _aCC
_b726.2
_bD H
100 1 _aKHALED FAHMY
245 1 0 _aMOHAMMAD ALI PASHA AND HIS SABIL /
_cKHALED FAHMY
700 1 _aAGNIESZKA DOBROWOLSKA
260 _aالقاهرة :
_bTHE AMERICAN UNIVERSITY IN CAIRO PRESS ،
_c2004
300 _a20 CM ؛
_c64 P
650 0 4 _aEGYPT - HISTORY
650 0 4 _aEGYPT - CIVILIZATION
650 0 4 _aEGYPT - HISTORY - MOHAMMED ALI, 1805-1849
942 _2ddc
_cBK
999 _c7443
_d7443